000 00945nam a2200277 c 4500
003 BLK
005 20190913121209.0
008 180911b bul|||||r ||||||| ||bul||
010 _a002437
040 _aBLK
041 _aBUL
080 _aРайкович, Максим
_x92
_z949.72(092)92
100 1 _aСТРАТЕВ, Иван и др.
_eпърви автор
245 0 0 _aАрхимандрит Максим Райкович
246 _aЖивот и дейност
260 _aТърново
_bпеч. Н. М. Церовски
_c1912
300 _a95 с
_c20 см
380 _a9
490 _aЧастна колекция - Академик Михаил Арнаудов
_gДарение - Основен фонд
650 _aБиографии
655 _aбългарска история
700 1 _aИв. Стратев
700 1 _a В. Арнаудов
852 _aМА 2607
942 _cKNG
_n0
944 _aCR
_c1997
_kGGG
999 _c342779
_d342779